000 00589nam a2200181 i 4500
001 51192
003 ES-MaACL
005 20230906162321.0
007 t|
008 030811s1970 sp ||||1| spa d
100 1 _aChardonnet, Leo.
_938073
245 1 0 _aContabilidad analítica y técnica de gestión /
_cpor Leo Chardonnet ; es una traducción de Sercomar ; portada Anbaiz.
260 _aMadrid :
_bIbérico Europea de Ediciones,
_c[1970]
300 _aXVI, 435 p. :
_bil. ;
_c22 cm.
700 1 _aAnbaiz.
_921389
710 2 _aSercomar.
_96571
852 _aES-MaACL
_jC-45596
_bR.73864
999 _c51192
_d51192